| 000 | 00851nam a2200265 a 4500 | ||
|---|---|---|---|
| 003 | AR-BaBNM | ||
| 005 | 20251128205033.0 | ||
| 008 | 082120s2002 ||||||||||||||000 | spa|| | ||
| 020 | _a950-550-109-0 | ||
| 040 | _cAR-BaBNM | ||
| 100 | 1 | _aOrtega, Isabel | |
| 245 | 0 | 0 |
_aEntretenimientos para la clase de matemática _bpropuestas de actividades para un aprendizaje creativo en la escuela primaria |
| 260 |
_aBuenos Aires _bMagisterio del Río de la Plata _c1993 |
||
| 300 |
_a128 p. _bdiagr., il., tablas |
||
| 490 | 0 | _aRespuestas educativas | |
| 504 | _aBibliografía: p. 126 | ||
| 650 | 4 | _aENSEÑANZA DE LAS MATEMATICAS | |
| 650 | 4 | _aTECNICAS DE ENSEÑANZA | |
| 650 | 4 | _aJUEGOS EDUCATIVOS | |
| 650 | 4 | _aCREATIVIDAD | |
| 653 | _aEDUCACION PRIMARIA | ||
| 800 | 1 |
_aStarico de Accomo, Mabel Nelly _edirector |
|
| 942 | _cBK | ||
| 998 | _csilvi | ||
| 999 |
_c9736 _d9736 |
||